[Event "Extremadura-chT"]
[Site "Spain"]
[Date "2008.03.01"]
[Round "7.1"]
[White "Martin Morientes, Javier"]
[Black "Ramos Gonzalez, Joaquin"]
[Result "0-1"]
[WhiteElo "1720"]
[BlackElo "1816"]
[PlyCount "86"]
[EventDate "2008.01.19"]
[EventType "team-swiss"]
[EventRounds "9"]
[EventCountry "ESP"]
[SourceTitle "EXT 2011"]
[Source "ChessBase"]
[SourceDate "2010.11.26"]
[SourceVersion "1"]
[SourceVersionDate "2010.11.26"]
[SourceQuality "1"]
[WhiteTeam "Extremadura Magic II"]
[BlackTeam "Cao"]
[WhiteTeamCountry "ESP"]
[BlackTeamCountry "ESP"]

1. e4 c5 2. Nc3 d6 3. g3 Nf6 4. Bg2 Nc6 5. d3 h6 6. f4 Bg4 7. Nf3 e6 8. 0-0 Be7 9. Ne2 0-0 10. c3 Qb6 11. Qc2 Rac8 12. Be3 Qc7 13. h3 Bxf3 14. Bxf3 b5 15. g4 Nh7 16. Ng3 Bh4 17. Bf2 Nf6 18. Ne2 Bxf2+ 19. Rxf2 Nh7 20. Rg2 Qe7 21. Ng3 b4 22. Kh2 Rcd8 23. Rag1 d5 24. exd5 exd5 25. Ne2 Qe3 26. Rg3 Qe7 27. g5 hxg5 28. fxg5 Ne5 29. Bh1 Ng6 30. Qd2 Rfe8 31. Nc1 Qe5 32. Bf3 Nh4 33. Bd1 g6 34. Kh1 bxc3 35. bxc3 Rb8 36. Nb3 d4 37. cxd4 cxd4 38. Rg4 Nf5 39. Re4 Ng3+ 40. Kg2 Nxe4 41. dxe4 Qxe4+ 42. Bf3 Qe5 43. Qxd4 Nxg5 0-1

[Event "Extremadura-chT"]
[Site "Spain"]
[Date "2008.01.26"]
[Round "2.1"]
[White "Ramos Gonzalez, Joaquin"]
[Black "Contreras Donoso, Juan Francisco"]
[Result "0-1"]
[WhiteElo "1816"]
[BlackElo "1773"]
[PlyCount "94"]
[EventDate "2008.01.19"]
[EventType "team-swiss"]
[EventRounds "9"]
[EventCountry "ESP"]
[SourceTitle "EXT 2011"]
[Source "ChessBase"]
[SourceDate "2010.11.26"]
[SourceVersion "1"]
[SourceVersionDate "2010.11.26"]
[SourceQuality "1"]
[WhiteTeam "Cao"]
[BlackTeam "Santa Isabel II"]
[WhiteTeamCountry "ESP"]
[BlackTeamCountry "ESP"]

1. d4 d5 2. c4 dxc4 3. Nc3 a6 4. Nf3 e6 5. e4 b5 6. a3 Bb7 7. Be2 Nf6 8. Bg5 Be7 9. Bxf6 Bxf6 10. 0-0 c5 11. dxc5 Qc7 12. Qd6 Qxd6 13. cxd6 Bxc3 14. bxc3 Bxe4 15. Rfd1 0-0 16. Ng5 Bc6 17. Bf3 Bxf3 18. Nxf3 Nd7 19. h3 f6 20. Nd4 Kf7 21. Re1 e5 22. Nc2 Nc5 23. Nb4 Rfd8 24. Rad1 e4 25. Rd5 Rac8 26. Re3 Ke6 27. Rxc5 Rxc5 28. Nxa6 Re5 29. Nb4 Kxd6 30. Rg3 g6 31. Re3 Ra8 32. Nc2 f5 33. Re1 Rd5 34. f3 exf3 35. gxf3 Kc5 36. Re6 Rd1+ 37. Kf2 Rd2+ 38. Re2 Rxe2+ 39. Kxe2 Re8+ 40. Kf2 f4 41. h4 Re5 42. Nd4 Rh5 43. Ne6+ Kb6 44. Nxf4 Rxh4 45. Nd5+ Ka5 46. Kg2 Rh5 47. Nb4 Ka4 0-1

[Event "Extremadura-ch"]
[Site "Badajoz"]
[Date "2007.06.09"]
[Round "5"]
[White "Portalo Calero, Francisco"]
[Black "Ramos Gonzalez, Joaquin"]
[Result "1-0"]
[WhiteElo "1967"]
[BlackElo "1830"]
[PlyCount "82"]
[EventDate "2007.06.02"]
[EventType "swiss"]
[EventRounds "7"]
[EventCountry "ESP"]
[SourceTitle "EXT 2008"]
[Source "ChessBase"]
[SourceDate "2007.11.25"]
[SourceVersion "1"]
[SourceVersionDate "2007.11.25"]
[SourceQuality "1"]

1. e4 c6 2. d4 d5 3. exd5 cxd5 4. Bd3 Nf6 5. Bf4 Nc6 6. c3 Qb6 7. Qc2 Bg4 8. h3 Bh5 9. Nd2 Rc8 10. Qb3 Qxb3 11. axb3 a6 12. Ngf3 e6 13. 0-0 Be7 14. Rfe1 0-0 15. g4 Bg6 16. Bxg6 hxg6 17. Ne5 Rfd8 18. Ndf3 Nxe5 19. Nxe5 Nh7 20. f3 Nf6 21. Kg2 Nh7 22. Rh1 Bh4 23. Bg3 g5 24. Nd3 Re8 25. Nc5 b6 26. Nxa6 Bxg3 27. Kxg3 e5 28. dxe5 Rxe5 29. Nb4 Rce8 30. Rh2 f5 31. gxf5 Rxf5 32. Nc6 Re3 33. Nd4 Rf4 34. Re2 Rfxf3+ 35. Nxf3 Rxe2 36. Ra8+ Kf7 37. Rb8 Rxb2 38. Rxb6 Rc2 39. Rc6 Ke7 40. Rc7+ Kf6 41. Nd4 Ke5 1-0

[Event "Extremadura-ch"]
[Site "Badajoz"]
[Date "2007.06.03"]
[Round "4"]
[White "Ramos Gonzalez, Joaquin"]
[Black "Gonzalez Benavides, Jose Antonio"]
[Result "1-0"]
[WhiteElo "1830"]
[BlackElo "1474"]
[PlyCount "129"]
[EventDate "2007.06.02"]
[EventType "swiss"]
[EventRounds "7"]
[EventCountry "ESP"]
[SourceTitle "EXT 2008"]
[Source "ChessBase"]
[SourceDate "2007.11.25"]
[SourceVersion "1"]
[SourceVersionDate "2007.11.25"]
[SourceQuality "1"]

1. d4 d5 2. c4 e6 3. Nc3 Nf6 4. Bg5 Be7 5. e3 0-0 6. Nf3 b6 7. Rc1 Nbd7 8. Bd3 Bb7 9. 0-0 c5 10. b3 Rc8 11. Re1 Ne4 12. Bxe7 Qxe7 13. Nd2 Nxc3 14. Rxc3 Qg5 15. Nf3 Qe7 16. Qe2 cxd4 17. exd4 b5 18. c5 Nf6 19. Ne5 Qc7 20. Rec1 b4 21. R3c2 Bc6 22. Ba6 Rb8 23. Bd3 Ne4 24. Bxe4 dxe4 25. Qe3 f6 26. Nxc6 Qxc6 27. Re2 f5 28. Qf4 Rfc8 29. Re3 Qd5 30. Rd1 Rb7 31. Ree1 Rd7 32. h3 Rcd8 33. Re2 e5 34. Qxf5 Qc6 35. Qxe5 Rd5 36. Qxe4 Rxc5 37. Qxc6 Rxc6 38. Re7 Ra6 39. Rd2 Kf8 40. Rb7 Rdd6 41. Rxb4 Rdb6 42. Rc4 Rc6 43. d5 Rxc4 44. bxc4 Ke7 45. c5 Ra5 46. Rc2 Kd7 47. f3 Rb5 48. Kf2 a5 49. Ke3 a4 50. Ke4 a3 51. Kd3 Kc7 52. g4 g5 53. Rc3 h6 54. Kc4 Rb2 55. Rxa3 Rc2+ 56. Kd3 Rh2 57. Ke4 Rxh3 58. Kf5 Kd7 59. Ra7+ Kd8 60. Ke4 h5 61. gxh5 Rxh5 62. c6 Rh4+ 63. Ke3 Rh3 64. d6 g4 65. Ra8# 1-0

[Event "Extremadura-ch"]
[Site "Badajoz"]
[Date "2007.06.02"]
[Round "2"]
[White "Ramos Gonzalez, Joaquin"]
[Black "Hidalgo Dominguez, Jose Diego"]
[Result "0-1"]
[WhiteElo "1830"]
[BlackElo "2068"]
[PlyCount "97"]
[EventDate "2007.06.02"]
[EventType "swiss"]
[EventRounds "7"]
[EventCountry "ESP"]
[SourceTitle "EXT 2008"]
[Source "ChessBase"]
[SourceDate "2007.11.25"]
[SourceVersion "1"]
[SourceVersionDate "2007.11.25"]
[SourceQuality "1"]

1. d4 Nf6 2. c4 g6 3. Nf3 Bg7 4. Nc3 d5 5. Bf4 0-0 6. e3 c6 7. h3 Nbd7 8. Bd3 a6 9. 0-0 Re8 10. Rc1 dxc4 11. Bxc4 b5 12. Bb3 Bb7 13. Ng5 e6 14. Nf3 c5 15. Bc2 cxd4 16. exd4 Nd5 17. Nxd5 Bxd5 18. Bb3 Nf6 19. Be5 Rc8 20. Re1 Bxb3 21. Qxb3 Qd5 22. Qa3 Qb7 23. Qa5 Nd5 24. Bxg7 Kxg7 25. Qd2 h6 26. Ne5 Nf6 27. Qf4 Qd5 28. b3 g5 29. Qe3 Red8 30. Nf3 Qf5 31. Ne5 Nd5 32. Qd2 Qf4 33. Qxf4 Nxf4 34. Rxc8 Rxc8 35. g3 Rc1 36. Rxc1 Ne2+ 37. Kf1 Nxc1 38. Nc6 Nxa2 39. Ke2 Nc3+ 40. Kd3 Nd5 41. f3 f5 42. b4 h5 43. Kd2 Kf7 44. Kd3 Ke8 45. Kd2 Kd7 46. Nb8+ Kc7 47. Nxa6+ Kd6 48. Kc2 Kc6 49. Kd3 0-1